| 000 | 00912nam a22003490a 4500 | ||
|---|---|---|---|
| 001 | PT32312 | ||
| 003 | AR-LpoUNG | ||
| 005 | 20210131225928.0 | ||
| 008 | 191001s1999||||xxk|||||||||||||||||eng d | ||
| 020 |
_a9780582237254 _c$34 |
||
| 040 |
_aAR-LpoUNG _bspa _cAR-LpoUNG _eaacr |
||
| 041 | _aeng | ||
| 044 | _axxk | ||
| 082 | 0 | _aR428 581lon | |
| 100 | 1 | _aBiber, Douglas | |
| 245 | 1 | 0 | _aLongman grammar of spoken and written english |
| 250 | _a1ra. ed. | ||
| 260 |
_aLondon : _bPearson Educación, _c1999. |
||
| 300 |
_a1204 p. : _btbls. |
||
| 650 | 4 | _aAPRENDIZAJE | |
| 650 | 4 | _aENSEÑANZA DE IDIOMAS | |
| 650 | 4 | _aGRAMATICA | |
| 650 | 4 | _aLENGUA INGLESA | |
| 650 | 4 | _aLINGÜISTICA | |
| 650 | 4 | _aMATERIAL DE REFERENCIA | |
| 650 | 4 | _aTERMINOLOGIA | |
| 651 | 4 | _aDOCUMENTOS TEORICOS O METODOLOGICOS | |
| 700 | 1 | _aJohansson, Stig | |
| 700 | 1 | _aLeech, Geoffrey | |
| 905 | _a32312 | ||
| 942 | _cLSALA | ||
| 999 |
_c583 _d583 |
||